[Event "Ghent op 43rd"]
[Site "Ghent"]
[Date "2022.07.21"]
[Round "4"]
[White "Oorebeek, Erwin"]
[Black "Stuer, Marc"]
[Result "1/2-1/2"]
[WhiteElo "2191"]
[BlackElo "2045"]
[PlyCount "26"]
[EventDate "2022.07.20"]
[EventType "swiss"]
[EventRounds "9"]
[EventCountry "BEL"]
[SourceTitle "CBM 209 Extra"]
[Source "ChessBase"]
[SourceDate "2022.09.30"]
[SourceVersion "1"]
[SourceVersionDate "2022.09.30"]
[SourceQuality "1"]

1. Nf3 f5 2. d4 Nf6 3. Bg5 Ne4 4. Bf4 d6 5. e3 e6 6. h4 Be7 7. Bd3 Nc6 8. Nbd2 Nxd2 9. Qxd2 Bf6 10. Bb5 Bd7 11. 0-0-0 Qe7 12. Bg5 0-0-0 13. Kb1 Nb8 1/2-1/2

[Event "Wachtebeke op"]
[Site "Wachtebeke"]
[Date "2022.02.26"]
[Round "1"]
[White "De Winter, Arthur"]
[Black "Stuer, Marc"]
[Result "1-0"]
[WhiteElo "2122"]
[BlackElo "2023"]
[PlyCount "59"]
[EventDate "2022.02.26"]
[EventType "swiss"]
[EventRounds "9"]
[EventCountry "BEL"]
[SourceTitle "CBM 207 Extra"]
[Source "ChessBase"]
[SourceDate "2022.05.31"]
[SourceVersion "1"]
[SourceVersionDate "2022.05.31"]
[SourceQuality "1"]

1. e4 c5 2. Nf3 d6 3. d4 cxd4 4. Nxd4 Nf6 5. Nc3 a6 6. h3 e5 7. Nb3 Be6 8. f4 exf4 9. Bxf4 Nc6 10. Qe2 Be7 11. 0-0-0 Qc7 12. g4 0-0 13. g5 Nd7 14. h4 Rac8 15. h5 Nde5 16. Bh3 b5 17. Nd5 Qb7 18. Kb1 Rfe8 19. Rdg1 Kh8 20. g6 Bxh3 21. h6 Nxg6 22. Rxh3 Rg8 23. hxg7+ Rxg7 24. Bh6 Rgg8 25. Rgh1 a5 26. Bg5 Nf8 27. Rxh7+ Nxh7 28. Rxh7+ Kxh7 29. Qh5+ Kg7 30. Qh6# 1-0

[Event "Geraardsbergen op 34th"]
[Site "Geraardsbergen"]
[Date "2018.08.14"]
[Round "8"]
[White "Okhotnik, Vladimir"]
[Black "Stuer, Marc"]
[Result "1-0"]
[WhiteElo "2371"]
[BlackElo "1991"]
[PlyCount "52"]
[EventDate "2018.08.11"]
[EventType "swiss"]
[EventRounds "9"]
[EventCountry "BEL"]
[SourceTitle "CBM 186 Extra"]
[Source "ChessBase"]
[SourceDate "2018.08.24"]
[SourceVersion "1"]
[SourceVersionDate "2018.08.24"]
[SourceQuality "1"]

1. e4 c5 2. Nf3 d6 3. Bc4 Nf6 4. d3 Nc6 5. c3 d5 6. exd5 Nxd5 7. 0-0 Bg4 8. Qb3 Bxf3 9. gxf3 e6 10. Qxb7 Qc8 11. Ba6 Nce7 12. Qb5+ Qd7 13. Na3 Qxb5 14. Bxb5+ Kd8 15. Rd1 Nf5 16. Nc4 Rb8 17. a4 Bd6 18. Nxd6 Nxd6 19. Be3 Rc8 20. c4 Nb4 21. d4 Nc2 22. dxc5 Nxa1 23. cxd6 Ra8 24. Rxa1 Kc8 25. Bc6 Rb8 26. Bxa7 Rxb2 1-0

[Event "Geraardsbergen op 34th"]
[Site "Geraardsbergen"]
[Date "2018.08.13"]
[Round "6"]
[White "Becx, Cesar"]
[Black "Stuer, Marc"]
[Result "1/2-1/2"]
[WhiteElo "2107"]
[BlackElo "1991"]
[PlyCount "25"]
[EventDate "2018.08.11"]
[EventType "swiss"]
[EventRounds "9"]
[EventCountry "BEL"]
[SourceTitle "CBM 186 Extra"]
[Source "ChessBase"]
[SourceDate "2018.08.24"]
[SourceVersion "1"]
[SourceVersionDate "2018.08.24"]
[SourceQuality "1"]

1. f4 d5 2. Nf3 g6 3. g3 Bg7 4. Bg2 Nf6 5. 0-0 0-0 6. d3 b6 7. c4 Bb7 8. Ne5 e6 9. Nc3 Na6 10. d4 Qe7 11. cxd5 exd5 12. f5 c5 13. e3 1/2-1/2

[Event "Ghent Taminco op 38th"]
[Site "Ghent"]
[Date "2015.07.19"]
[Round "4"]
[White "Michiels, Bart"]
[Black "Stuer, Marc"]
[Result "1-0"]
[WhiteElo "2533"]
[BlackElo "2090"]
[PlyCount "77"]
[EventDate "2015.07.18"]
[EventType "swiss"]
[EventRounds "9"]
[EventCountry "BEL"]
[SourceTitle "CBM 167 Extra"]
[Source "ChessBase"]
[SourceDate "2015.09.14"]
[SourceVersion "1"]
[SourceVersionDate "2015.09.14"]
[SourceQuality "1"]

1. d4 f5 2. g3 Nf6 3. Bg2 e6 4. c4 d5 5. Nf3 c6 6. 0-0 Bd6 7. Nc3 0-0 8. Qc2 Ne4 9. Rb1 a5 10. c5 Bc7 11. Bf4 Bxf4 12. gxf4 b6 13. cxb6 Qxb6 14. Na4 Qc7 15. Ne5 Na6 16. a3 Rb8 17. Rfc1 Bb7 18. e3 Rfc8 19. Bf1 Nd6 20. Bxa6 Bxa6 21. Nc5 Qa7 22. Nxe6 Nc4 23. Nxc4 Bxc4 24. b3 Ba6 25. Nc5 g6 26. Qd2 Rb5 27. Rc3 Rcb8 28. Qc2 Bc8 29. Nd3 Bd7 30. Rc5 Qb7 31. a4 Rxb3 32. Rxb3 Qxb3 33. Qxb3 Rxb3 34. Ne5 Be8 35. Rxa5 Rb8 36. Ra7 c5 37. dxc5 Rc8 38. Kg2 Bc6 39. Kg3 1-0

[Event "BEL-chT 1415"]
[Site "Belgium"]
[Date "2014.09.28"]
[Round "1.8"]
[White "Stuer, Marc"]
[Black "Huesmann, Thomas"]
[Result "1/2-1/2"]
[WhiteElo "2102"]
[BlackElo "2196"]
[PlyCount "73"]
[EventDate "2014.09.28"]
[EventType "team-swiss"]
[EventRounds "11"]
[EventCountry "BEL"]
[SourceTitle "CBM 162 Extra"]
[Source "ChessBase"]
[SourceDate "2014.10.17"]
[SourceVersion "1"]
[SourceVersionDate "2014.10.17"]
[SourceQuality "1"]
[WhiteTeam "Temse"]
[BlackTeam "KSK Rochade"]
[WhiteTeamCountry "BEL"]
[BlackTeamCountry "BEL"]

1. d4 f5 2. Nf3 Nf6 3. g3 g6 4. Bg2 Bg7 5. 0-0 0-0 6. b3 d6 7. Bb2 Ne4 8. c4 c5 9. e3 Nc6 10. Nbd2 Nxd2 11. Qxd2 cxd4 12. exd4 e5 13. d5 Ne7 14. Rad1 b6 15. Nxe5 Bxe5 16. Bxe5 dxe5 17. d6 e4 18. dxe7 Qxe7 19. Qd6 Qxd6 20. Rxd6 Bb7 21. Rfd1 Rf7 22. b4 Rc8 23. Bf1 Re7 24. Rd7 Rc7 25. Rxe7 Rxe7 26. c5 bxc5 27. bxc5 Bc6 28. Ba6 Rc7 29. Kf1 Kf7 30. Ke2 Ke6 31. Ke3 Bd5 32. Kd4 Bxa2 33. Ra1 Bd5 34. Bb5 Ba8 35. Ra6+ Ke7 36. h4 e3 37. fxe3 1/2-1/2

[Event "Ghent Taminco op 37th"]
[Site "Ghent"]
[Date "2014.07.21"]
[Round "6"]
[White "Froeyman, Helmut"]
[Black "Stuer, Marc"]
[Result "1-0"]
[WhiteElo "2304"]
[BlackElo "2100"]
[PlyCount "81"]
[EventDate "2014.07.19"]
[EventType "swiss"]
[EventRounds "9"]
[EventCountry "BEL"]
[SourceTitle "CBM 161 Extra"]
[Source "ChessBase"]
[SourceDate "2014.08.29"]
[SourceVersion "1"]
[SourceVersionDate "2014.08.29"]
[SourceQuality "1"]

1. e4 c5 2. Nf3 d6 3. d4 cxd4 4. Nxd4 Nf6 5. Nc3 a6 6. Be2 e5 7. Nb3 Be7 8. 0-0 0-0 9. Be3 Qc7 10. a4 Be6 11. a5 Nbd7 12. Nd5 Bxd5 13. exd5 Rac8 14. c4 Ne4 15. f3 Nec5 16. Nd2 b5 17. b4 Na4 18. Qb3 Qb7 19. Rac1 Nf6 20. Ne4 Rfd8 21. Rfd1 h6 22. Rc2 Ne8 23. Rdc1 f5 24. Nd2 Bg5 25. cxb5 Rxc2 26. Rxc2 axb5 27. Rc6 Bxe3+ 28. Qxe3 Kf8 29. a6 Qf7 30. Bxb5 Nb2 31. Rc2 Nd1 32. Qb6 Qxd5 33. Bc4 Qd4+ 34. Qxd4 exd4 35. Bd3 Nf6 36. Rc7 Nd5 37. Rb7 N1c3 38. a7 Ke8 39. Bxf5 Ne7 40. Rb8 Nc6 41. Rxd8+ 1-0

[Event "Zwijndrecht op"]
[Site "Zwijndrecht"]
[Date "2010.12.29"]
[Round "7"]
[White "Helsen, Steff"]
[Black "Stuer, Marc"]
[Result "1-0"]
[WhiteElo "2091"]
[BlackElo "2091"]
[PlyCount "89"]
[EventDate "2010.12.26"]
[EventType "swiss"]
[EventRounds "9"]
[EventCountry "BEL"]
[SourceTitle "CBM 140 Extra"]
[Source "ChessBase"]
[SourceDate "2011.03.01"]
[SourceVersion "1"]
[SourceVersionDate "2011.03.01"]
[SourceQuality "1"]

1. d4 f5 2. Nc3 Nf6 3. Bg5 Nc6 4. e4 fxe4 5. d5 Ne5 6. Qd4 Nf7 7. Bf4 g6 8. Nb5 Nd6 9. Bxd6 cxd6 10. Qc3 Kf7 11. f3 Bg7 12. fxe4 Nxe4 13. Qf3+ Nf6 14. h4 b6 15. g4 Bb7 16. c4 a6 17. Nc3 Ke8 18. h5 gxh5 19. g5 Ng4 20. Rxh5 Ne5 21. Qh3 Kf7 22. Nf3 Qg8 23. Nxe5+ Bxe5 24. Bd3 Qg7 25. Kd2 e6 26. Ne4 Ke7 27. Rf1 exd5 28. Nf6 Kd8 29. cxd5 Rc8 30. Qxd7+ Qxd7 31. Nxd7 Bxd5 32. Nxe5 dxe5 33. g6 Ke7 34. gxh7 e4 35. Rxd5 exd3 36. Re1+ Kf6 37. Rd6+ Kg7 38. Rg1+ Kf7 39. Rxb6 Rc7 40. Rh6 Rd7 41. Rg8 Rxg8 42. hxg8Q+ Kxg8 43. Rxa6 Rb7 44. b3 Rd7 45. Rc6 1-0

[Event "BEL-chT 0506"]
[Site "Belgium"]
[Date "2006.03.26"]
[Round "11"]
[White "Vanheirzeele, Daniel"]
[Black "Stuer, Marc"]
[Result "1-0"]
[WhiteElo "2244"]
[BlackElo "2082"]
[PlyCount "61"]
[EventDate "2005.10.09"]
[EventType "team-tourn"]
[EventRounds "11"]
[EventCountry "BEL"]
[SourceTitle "EXT 2007"]
[Source "ChessBase"]
[SourceDate "2006.11.23"]
[SourceVersion "1"]
[SourceVersionDate "2006.11.23"]
[SourceQuality "1"]
[WhiteTeam "KGSRL"]
[BlackTeam "Boey Temse"]
[WhiteTeamCountry "BEL"]
[BlackTeamCountry "BEL"]

1. d4 f5 2. g3 Nf6 3. Bg2 g6 4. c4 Bg7 5. Nc3 0-0 6. Nh3 Nc6 7. 0-0 e5 8. dxe5 Nxe5 9. b3 a6 10. Ba3 Re8 11. Qc2 Rb8 12. c5 Qe7 13. Nf4 Nc6 14. Rad1 b5 15. Rfe1 b4 16. Ncd5 Nxd5 17. Nxd5 Qd8 18. Nxb4 Nxb4 19. Qc4+ Kh8 20. Bxb4 Qf6 21. e4 fxe4 22. Rxe4 Rxe4 23. Bxe4 a5 24. Bxa5 Ba6 25. Qc2 Qe5 26. Rxd7 Re8 27. h4 Bf6 28. Bxg6 Rf8 29. Bxh7 Be2 30. Bg8 Qa1+ 31. Kh2 1-0

[Event "BEL-chT 0405"]
[Site "Belgium"]
[Date "2005.03.20"]
[Round "11"]
[White "Stuer, Marc"]
[Black "De Haan, Eric"]
[Result "0-1"]
[WhiteElo "2060"]
[BlackElo "2280"]
[PlyCount "52"]
[EventDate "2004.09.09"]
[EventType "team-tourn"]
[EventRounds "11"]
[EventCountry "BEL"]
[SourceTitle "EXT 2006"]
[Source "ChessBase"]
[SourceDate "2005.11.24"]
[SourceVersion "1"]
[SourceVersionDate "2005.11.24"]
[SourceQuality "1"]
[WhiteTeam "Boey Temse II"]
[BlackTeam "Borgerhout"]
[WhiteTeamCountry "BEL"]
[BlackTeamCountry "BEL"]

1. d4 Nf6 2. Nf3 e6 3. c4 c5 4. d5 d6 5. Nc3 exd5 6. cxd5 g6 7. e4 Bg7 8. Be2 0-0 9. 0-0 Re8 10. Nd2 Nbd7 11. f4 c4 12. Kh1 Nc5 13. e5 dxe5 14. Nxc4 e4 15. Be3 b6 16. b4 Nd3 17. Bxd3 exd3 18. Qxd3 Bf5 19. Qd2 Ng4 20. Bd4 Bxd4 21. Qxd4 Qh4 22. h3 b5 23. Nxb5 Re2 24. Rf3 Be4 25. Nc3 Bxf3 26. Nxe2 Qxh3+ 0-1